Văn hóa ẩm thực dân gian người Nùng Dín Lào Cai

Tác phẩm khái quát chung về môi trường tự nhiên sản vật và tập quán ăn uống của người Nùng Dín Lào Cai.

محفوظ في:
التفاصيل البيبلوغرافية
المؤلف الرئيسي: Vàng, Thung Chúng
التنسيق: كتاب
اللغة:Undetermined
منشور في: Hà Nội Khoa học - Xã hội 2015
الموضوعات:
الوسوم: إضافة وسم
لا توجد وسوم, كن أول من يضع وسما على هذه التسجيلة!
Thư viện lưu trữ: Trung tâm Học liệu Trường Đại học Cần Thơ
LEADER 00775nam a2200193Ia 4500
001 CTU_209318
008 210402s9999 xx 000 0 und d
082 |a 394.109597 
082 |b Ch513 
100 |a Vàng, Thung Chúng 
245 0 |a Văn hóa ẩm thực dân gian người Nùng Dín Lào Cai 
245 0 |c Vàng Thung Chúng 
260 |a Hà Nội 
260 |b Khoa học - Xã hội 
260 |c 2015 
520 |a Tác phẩm khái quát chung về môi trường tự nhiên sản vật và tập quán ăn uống của người Nùng Dín Lào Cai. 
650 |a Thói quen ẩm thực,Food habits 
904 |i Nguyễn Ngọc Quý,Hải 
980 |a Trung tâm Học liệu Trường Đại học Cần Thơ